| 000 | 00665nam a2200157Ia 4500 | ||
|---|---|---|---|
| 008 | 090711s9999 xx 000 0 und d | ||
| 082 | _b71415 | ||
| 100 | _aअनुभवी तज्ञ | ||
| 245 | _aSाारशे उद्योग काही अतिशय गुप्त फॉमुले | ||
| 300 | _a160 | ||
| 600 | _aअनुभवी तज्ञ | ||
| 630 | _aSाारशे उद्योग काही अतिशय गुप्त फॉमुले | ||
| 700 | _aअनुभवी तज्ञ | ||
| 730 | _aSाारशे उद्योग काही अतिशय गुप्त फॉमुले | ||
| 942 | _cBOOK | ||
| 999 |
_c284580 _d284580 |
||